FIBA World Cup Teams 2023 - Statistics

General Stats
  • This quiz has been taken 88 times
  • The average score is 26 of 32
Answer Stats
Answer % Correct
United States
99%
Canada
96%
France
96%
Germany
96%
Japan
96%
Brazil
94%
China
93%
Australia
92%
Italy
92%
Spain
90%
Philippines
89%
Greece
87%
Serbia
87%
Slovenia
85%
Latvia
82%
Lithuania
82%
Mexico
82%
New Zealand
82%
Dominican Republic
79%
Finland
77%
Iran
76%
South Sudan
76%
Puerto Rico
75%
Egypt
72%
Angola
70%
Montenegro
70%
Venezuela
66%
Jordan
65%
Georgia
56%
Lebanon
56%
Ivory Coast
54%
Cape Verde
49%
No matching quizzes found
Score Distribution
Percent of People with Each Score
Percentile by Number Answered
Your Score History
You have not taken this quiz